<?xml version="1.0" encoding="UTF-8"?><?xml-stylesheet type="text/xsl" href="static/style.xsl"?><OAI-PMH xmlns="http://www.openarchives.org/OAI/2.0/" xmlns:xsi="http://www.w3.org/2001/XMLSchema-instance" xsi:schemaLocation="http://www.openarchives.org/OAI/2.0/ http://www.openarchives.org/OAI/2.0/OAI-PMH.xsd"><responseDate>2026-05-11T12:59:51Z</responseDate><request verb="GetRecord" identifier="oai:riubu.ubu.es:10259/11597" metadataPrefix="marc">https://riubu.ubu.es/oai/request</request><GetRecord><record><header><identifier>oai:riubu.ubu.es:10259/11597</identifier><datestamp>2026-05-09T22:02:54Z</datestamp><setSpec>com_10259_2699</setSpec><setSpec>col_10259_2701</setSpec></header><metadata><record xmlns="http://www.loc.gov/MARC21/slim" xmlns:doc="http://www.lyncode.com/xoai" xmlns:xsi="http://www.w3.org/2001/XMLSchema-instance" xmlns:dcterms="http://purl.org/dc/terms/" xsi:schemaLocation="http://www.loc.gov/MARC21/slim http://www.loc.gov/standards/marcxml/schema/MARC21slim.xsd">
<leader>00925njm 22002777a 4500</leader>
<datafield tag="042" ind1=" " ind2=" ">
<subfield code="a">dc</subfield>
</datafield>
<datafield tag="720" ind1=" " ind2=" ">
<subfield code="a">Díez Ojeda, María</subfield>
<subfield code="e">author</subfield>
</datafield>
<datafield tag="260" ind1=" " ind2=" ">
<subfield code="c">2015</subfield>
</datafield>
<datafield tag="520" ind1=" " ind2=" ">
<subfield code="a">Las aguas residuales procedentes de la fabricación de baterías de automoción plomo-ácido presentan valores extremadamente ácidos (pH en torno a 2) y concentraciones de plomo significativas, que es necesario reducir en más de un 80 % para ajustarse a los límites de vertido. El tratamiento más habitual de este tipo de efluentes se basa en la adición de álcalis con el fin de elevar el pH y precipitar el plomo en forma de hidróxido. Este proceso implica el empleo de altas cantidades de álcali (NaOH, CaCO3, etc), floculantes y reajustes finales de pH. En el presente proyecto se plantea la posibilidad de emplear óxidos e hidróxidos de magnesio obtenidos por calcinación (a distintas condiciones de temperatura y humedad) a partir de magnesita (MgCaCO3), y por otra parte procesos biotecnológicos anaerobios de sulfato-reducción empleando materia orgánica residual presente en aguas residuales de matadero.</subfield>
</datafield>
<datafield tag="520" ind1=" " ind2=" ">
<subfield code="a">Wastewater from the manufacture of batteries of lead acid automotive have extremely acidic values (pH about 2) and significant concentrations of lead, which is to be reduced by more than 80% to meet discharge limits. The most common treatment of such effluents is based on the addition of alkali to raise the pH and precipitate the lead in hydroxide form. This process involves the use of high amounts of alkali (NaOH, CaCO3, etc.), flocculants and final pH adjustments. In this project the feasibility of using magnesium oxides and hydroxides obtained by calcination (at different conditions of temperature and humidity) from magnesite (MgCaCO3), and moreover biotechnological processes of sulfate-reducing anaerobes using residual organic matter present in slaughterhouse wastewater.</subfield>
</datafield>
<datafield tag="024" ind2=" " ind1="8">
<subfield code="a">https://hdl.handle.net/10259/11597</subfield>
</datafield>
<datafield tag="024" ind2=" " ind1="8">
<subfield code="a">10.36443/10259/11597</subfield>
</datafield>
<datafield ind1=" " ind2=" " tag="653">
<subfield code="a">Sulfatorreducción</subfield>
</datafield>
<datafield ind1=" " ind2=" " tag="653">
<subfield code="a">Eliminación de metales</subfield>
</datafield>
<datafield ind1=" " ind2=" " tag="653">
<subfield code="a">Óxidos e hidróxidos de magnesio</subfield>
</datafield>
<datafield ind1=" " ind2=" " tag="653">
<subfield code="a">Fuente de carbono</subfield>
</datafield>
<datafield ind1=" " ind2=" " tag="653">
<subfield code="a">Metanogénesis</subfield>
</datafield>
<datafield ind1=" " ind2=" " tag="653">
<subfield code="a">DQO/SO4-2</subfield>
</datafield>
<datafield ind1=" " ind2=" " tag="653">
<subfield code="a">Sulphate reduction</subfield>
</datafield>
<datafield ind1=" " ind2=" " tag="653">
<subfield code="a">Metal removal</subfield>
</datafield>
<datafield ind1=" " ind2=" " tag="653">
<subfield code="a">Magnesium oxides and hydroxides</subfield>
</datafield>
<datafield ind1=" " ind2=" " tag="653">
<subfield code="a">Carbon source</subfield>
</datafield>
<datafield ind1=" " ind2=" " tag="653">
<subfield code="a">Methanogenesis</subfield>
</datafield>
<datafield ind1=" " ind2=" " tag="653">
<subfield code="a">EGSB</subfield>
</datafield>
<datafield tag="245" ind1="0" ind2="0">
<subfield code="a">Tratamiento de aguas residuales de la fabricación de baterías plomo-ácido con óxidos e hidróxidos de magnesio y procesos biotecnológicos de sulfato-reducción</subfield>
</datafield>
</record></metadata></record></GetRecord></OAI-PMH>